Представление документа в формате MARC21

ПолеНазваниеЗначение
  Тип записи a
  Библиографический уровень m
001 Контрольный номер RU\infra-m\znanium\bibl\2233335
005 Дата корректировки 20260429142239.0
008 Кодируемые данные 260120s2025 RU g rus u
020 Индекс ISBN __
a ISBN 978-5-91671-094-6
040 Источник каталогиз. __
a Служба первич. каталог. Общество с ограниченной ответственностью «ЗНАНИУМ»
041 Код языка издания __
a Код языка текста rus
044 Код страны публикации __
a Код страны публикации RU
080 Индекс УДК __
a Индекс УДК 615
084 Индекс другой классификации/Индекс ББК __
2 Источник индекса rubbk
a Индекс другой классификации/Индекс ББК 53
100 Автор __
a Автор Кроули К.
q Полное имя Кроули Крис
245 Заглавие __
a Заглавие Моложе с каждым годом: Как дожить до 100 лет бодрым, здоровым и счастливым
b Продолж. заглавия Научно-популярная литература
250 Сведения об издании __
a Основные сведения об издании 2
260 Выходные данные __
a Место издания Москва
b Издательство ООО "Альпина нон-фикшн"
c Дата издания 2026
300 Физическое описание __
a Объем 360 с.
520 Аннотация __
a Аннотация Хотите выглядеть и чувствовать себя в 30 как в 20 лет в 40 — как в 30 а в 70 — как в 50? Знаменитый доктор Генри Лодж знает как без лекарств и чудес пластической хирургии повернуть время вспять и становиться моложе год за годом! Следуя простым и легким правилам вы приведете в лучшую форму голову тело и дух! Доктор Лодж доказывает что и в 80 лет можно быть сильным здоро- вым активным и счастливым. Он рассказывает о многом — о старении здоровье мужчины и женщины аэробных и силовых нагрузках питании и лишнем весе о сексуальных отноше- ниях психологии взаимоотношений в семье эмоциях и оптимизме. Всем своим рекомендациям доктор Лодж дает строго научное но вместе с тем простое и понятное обоснование а истории из жизни Криса Кроули одного из его пациентов доказывают их действенность. Все кто читал книгу доктора Лоджа утверждают что она перевернула их сознание — и жизнь стала такой же прекрас- ной как и в молодые годы!
521 Примеч. о цел. назн. __
a Примеч. о целев. назн. Дополнительное профессиональное образование
650 Тематические рубрики __
a Основная рубрика Медицина. Фармакология
x Основная подрубрика Популярная и нетрадиционная медицина. Массаж
655 Указ. предметных рубрик (устаревшее) __
a Жанр/ форма (устаревшее) Научно-популярная литература
700 Другие авторы __
a Другие авторы Лодж Г.
q Полное имя Лодж Генри
856 Электронный адрес документа 4_
a Имя сервера/домена znanium.ru
m Помощь ebs_support@infra-m.ru
n Местонахождение сервера НИЦ ИНФРА-М
u URL https://znanium.ru/catalog/document?id=472442
856 Электронный адрес документа 48
a Имя сервера/домена znanium.ru
d Путь /cover/2233
f Электронное имя 2233335.jpg
q Тип электронного формата image/jpeg
u URL https://znanium.ru/cover/2233/2233335.jpg
911 __
u 0030=https://znanium.ru/catalog/document?id=472442